Fútbol Argentino - Clubes que jugaron en Primera División Siglo XXI - Estadísticas

Estadísticas generales
  • Esta prueba ha sido intentada 558 veces
    456 desde el último reinicio
  • La puntuación promedio es 40 de 48
Estadísticas de respuestas
Club % Correcto
Boca Juniors
99%
River Plate
99%
Independiente
98%
Racing Club
98%
Rosario Central
97%
Talleres
95%
Vélez Sarsfield
94%
Belgrano
93%
Newell's Old Boys
93%
San Lorenzo
93%
Unión
93%
Banfield
92%
Colón
92%
Estudiantes de La Plata
92%
Huracán
92%
Argentinos Juniors
91%
Atlético Tucumán
91%
Aldosivi
90%
Lanús
90%
Deportivo Riestra
88%
Gimnasia y Esgrima de La Plata
88%
Instituto
88%
San Martín de San Juan
88%
Barracas Central
87%
Independiente Rivadavia
86%
Tigre
86%
Central Córdoba de Santiago del Estero
85%
Chacarita Juniors
85%
Ferro Carril Oeste
84%
Platense
84%
San Martín de Tucumán
84%
Arsenal
83%
Godoy Cruz
82%
Sarmiento de Junín
82%
Defensa y Justicia
81%
Quilmes
79%
Nueva Chicago
77%
Patronato
77%
Atlético de Rafaela
76%
Olimpo
75%
All Boys
73%
Crucero del Norte
67%
Temperley
67%
Gimnasia y Esgrima de Jujuy
63%
Almagro
61%
Tiro Federal
48%
Los Andes
41%
Huracán de Tres Arroyos
40%
No se encontraron pruebas coincidentes
Distribución de puntuación
Porcentaje de gente con cada puntuación
Porcentaje por número respondido
Historial de tus puntuaciones
No has intentado esta prueba desde el último reinicio